[Event "Montreal Mercredi 05"]
[Site "Montreal CAN"]
[Date "2008.05.14"]
[Round "1"]
[White "Millette, Sylvain"]
[Black "Antoine, Vladimir"]
[Result "1/2-1/2"]
[WhiteElo "1630"]
[BlackElo "1636"]
[PlyCount "73"]
[GameId "2160767910354821"]
[EventDate "2008.05.14"]
[EventType "tourn"]
[EventRounds "5"]
[EventCountry "CAN"]
[SourceTitle "EXT 2011"]
[Source "ChessBase"]
[SourceDate "2011.11.26"]
[SourceVersion "1"]
[SourceVersionDate "2011.11.26"]
[SourceQuality "1"]

1. Nf3 d5 2. g3 Nf6 3. c4 c6 4. b3 Bg4 5. Bg2 e6 6. O-O Nbd7 7. Bb2 Be7 8. d3 h6 9. Nbd2 O-O 10. Ne5 Nxe5 11. Bxe5 Nd7 12. Bb2 f5 13. Qc2 Bf6 14. e4 dxe4 15. dxe4 Nc5 16. Bxf6 Rxf6 17. f3 Bh5 18. Qc3 Qb6 19. Qe3 f4 20. gxf4 Rxf4 21. b4 Nd3 22. c5 Qa6 23. a4 Rd8 24. Bh3 e5 25. Be6+ Bf7 26. Bxf7+ Kxf7 27. b5 cxb5 28. axb5 Qxb5 29. Rxa7 Qxc5 30. Rxb7+ Kg8 31. Qxc5 Nxc5 32. Rb5 Rxd2 33. Rxc5 Rh4 34. Rf2 Rxf2 35. Kxf2 Rxh2+ 36. Kg3 Rh5 37. Kg4 1/2-1/2

[Event "Montreal Mercredi 05"]
[Site "Montreal CAN"]
[Date "2008.05.14"]
[Round "1"]
[White "Panayotov, Ivo"]
[Black "Morin, Louis"]
[Result "0-1"]
[WhiteElo "1933"]
[BlackElo "1881"]
[PlyCount "88"]
[GameId "2160767910354822"]
[EventDate "2008.05.14"]
[EventType "tourn"]
[EventRounds "5"]
[EventCountry "CAN"]
[SourceTitle "EXT 2011"]
[Source "ChessBase"]
[SourceDate "2011.11.26"]
[SourceVersion "1"]
[SourceVersionDate "2011.11.26"]
[SourceQuality "1"]

1. e4 e5 2. Nf3 d6 3. d4 Nf6 4. Nc3 Nbd7 5. Bc4 Be7 6. O-O O-O 7. Qe2 c6 8. a4 Qc7 9. a5 Rb8 10. Bg5 b5 11. axb6 axb6 12. d5 b5 13. Bd3 b4 14. dxc6 bxc3 15. cxd7 Bxd7 16. b3 Ra8 17. h3 Bc6 18. Nh2 d5 19. exd5 Nxd5 20. Bxe7 Qxe7 21. Be4 Nf4 22. Qf3 Bxe4 23. Qxe4 Rxa1 24. Rxa1 f5 25. Qc4+ Qf7 26. Qxf7+ Kxf7 27. Nf3 e4 28. Nd4 Kf6 29. Nb5 Rc8 30. Rd1 Rc5 31. Nd6 Rd5 32. Rxd5 Nxd5 33. Kf1 Nb4 34. Nb5 Nxc2 35. Nxc3 Ke5 36. g3 g5 37. Kg2 Kd4 38. Nb5+ Kd3 39. Nd6 f4 40. Nf7 e3 41. fxe3 fxe3 42. Nxg5 Nd4 43. Kf1 e2+ 44. Kf2 h6 0-1

[Event "Montreal Mercredi 05"]
[Site "Montreal CAN"]
[Date "2008.05.14"]
[Round "1"]
[White "Pomerantz, Daniel"]
[Black "Sonko, Babacar"]
[Result "0-1"]
[WhiteElo "1871"]
[BlackElo "1810"]
[PlyCount "54"]
[GameId "2160767910354823"]
[EventDate "2008.05.14"]
[EventType "tourn"]
[EventRounds "5"]
[EventCountry "CAN"]
[SourceTitle "EXT 2011"]
[Source "ChessBase"]
[SourceDate "2011.11.26"]
[SourceVersion "1"]
[SourceVersionDate "2011.11.26"]
[SourceQuality "1"]

1. e4 c5 2. Nf3 a6 3. d4 cxd4 4. Nxd4 Nc6 5. Nxc6 bxc6 6. c4 Nf6 7. Nc3 Qc7 8. Bd3 e6 9. O-O Be7 10. Re1 Bd6 11. g3 h5 12. f4 Bc5+ 13. Kg2 Bb7 14. Na4 Bd4 15. c5 h4 16. Bc4 e5 17. Qb3 d5 18. cxd6 Qd7 19. fxe5 hxg3 20. Bxf7+ Qxf7 21. Qxf7+ Kxf7 22. exf6 gxf6 23. Be3 Rxh2+ 24. Kxg3 Be5+ 25. Bf4 Rah8 26. Bxe5 R8h3+ 27. Kf4 Rf2+ 0-1

[Event "Montreal Mercredi 05"]
[Site "Montreal CAN"]
[Date "2008.05.21"]
[Round "2"]
[White "Chesnut, Walter"]
[Black "Lemieux, Serge"]
[Result "0-1"]
[WhiteElo "1561"]
[BlackElo "1625"]
[PlyCount "89"]
[GameId "2160767910354824"]
[EventDate "2008.05.14"]
[EventType "tourn"]
[EventRounds "5"]
[EventCountry "CAN"]
[SourceTitle "EXT 2011"]
[Source "ChessBase"]
[SourceDate "2011.11.26"]
[SourceVersion "1"]
[SourceVersionDate "2011.11.26"]
[SourceQuality "1"]

1. d4 d5 2. c4 e6 3. Nc3 c6 4. e4 dxe4 5. Nxe4 Nf6 6. Nxf6+ Qxf6 7. a3 Bd6 8. Nf3 h6 9. Bd3 b6 10. O-O O-O 11. Bc2 Bf4 12. Qd3 g6 13. Nd2 Bxd2 14. Bxd2 Rd8 15. Bc3 Ba6 16. Qg3 Bxc4 17. d5 Qg5 18. dxe6 Qxg3 19. exf7+ Kf8 20. fxg3 Bxf1 21. Rxf1 Nd7 22. Bxg6 Rac8 23. Bf5 Rc7 24. Bd2 Kxf7 25. Bxd7+ Ke7 26. Bxh6 Rdxd7 27. Bf8+ Ke6 28. Bb4 a5 29. Bc3 a4 30. Rf4 b5 31. Kf2 Rf7 32. Ke3 Rxf4 33. gxf4 c5 34. Ke4 Rb7 35. f5+ Kf7 36. g4 b4 37. axb4 cxb4 38. Bd4 a3 39. bxa3 bxa3 40. Kf3 Rb3+ 41. Ke2 Rb2+ 42. Kf3 Rxh2 43. Kg3 Rd2 44. Be5 a2 45. Kh4 0-1

[Event "Montreal Mercredi 05"]
[Site "Montreal CAN"]
[Date "2008.05.21"]
[Round "2"]
[White "Gauthier, Luc"]
[Black "Lamouche, Andre"]
[Result "0-1"]
[WhiteElo "1724"]
[BlackElo "1791"]
[PlyCount "102"]
[GameId "2160767910354825"]
[EventDate "2008.05.14"]
[EventType "tourn"]
[EventRounds "5"]
[EventCountry "CAN"]
[SourceTitle "EXT 2011"]
[Source "ChessBase"]
[SourceDate "2011.11.26"]
[SourceVersion "1"]
[SourceVersionDate "2011.11.26"]
[SourceQuality "1"]

1. e4 c5 2. Nc3 d6 3. f4 Nc6 4. Bb5 Nf6 5. Nf3 a6 6. Bxc6+ bxc6 7. d3 g6 8. O-O Bg7 9. Qe1 O-O 10. h3 a5 11. Qh4 e6 12. f5 Nd7 13. Bg5 f6 14. fxg6 hxg6 15. Bd2 g5 16. Bxg5 fxg5 17. Nxg5 Rxf1+ 18. Rxf1 Nf6 19. Rxf6 Qxf6 20. Qh7+ Kf8 21. Qh5 Ke7 22. e5 Qxe5 23. Qf7+ Kd8 24. Nce4 Bd7 25. Qg8+ Kc7 26. Qxa8 Qd4+ 27. Kh1 Qb4 28. Qa7+ Kd8 29. Nf7+ Ke7 30. Nexd6 Qe1+ 31. Kh2 Be5+ 32. Nxe5 Qxe5+ 33. Kh1 Qe1+ 34. Kh2 Kxd6 35. Qb8+ Ke7 36. Qf4 e5 37. Qg5+ Kd6 38. Qf6+ Kc7 39. h4 Qe3 40. h5 Qf4+ 41. Qxf4 exf4 42. h6 Bf5 43. g4 fxg3+ 44. Kxg3 Kd6 45. Kf4 Ke6 46. Ke3 Kf6 47. b3 Kg6 48. c3 Kxh6 49. d4 Bb1 50. b4 cxb4 51. cxb4 axb4 0-1

[Event "Montreal Mercredi 05"]
[Site "Montreal CAN"]
[Date "2008.05.21"]
[Round "2"]
[White "Germain, Max"]
[Black "Neumark-Gaudet, Zev"]
[Result "1/2-1/2"]
[WhiteElo "1557"]
[BlackElo "1526"]
[PlyCount "75"]
[GameId "2160767910354826"]
[EventDate "2008.05.14"]
[EventType "tourn"]
[EventRounds "5"]
[EventCountry "CAN"]
[SourceTitle "EXT 2011"]
[Source "ChessBase"]
[SourceDate "2011.11.26"]
[SourceVersion "1"]
[SourceVersionDate "2011.11.26"]
[SourceQuality "1"]

1. d4 d5 2. c4 e6 3. Nc3 c5 4. cxd5 exd5 5. Nf3 Nc6 6. g3 Nf6 7. Bg5 Be7 8. Bg2 Be6 9. O-O O-O 10. Rc1 Rc8 11. e3 cxd4 12. Nxd4 h6 13. Bxf6 Bxf6 14. Nde2 d4 15. exd4 Nxd4 16. b3 Bg4 17. f3 Bf5 18. Kh1 Nxe2 19. Nxe2 Rxc1 20. Nxc1 Qxd1 21. Rxd1 Rc8 22. Bf1 Rc2 23. a4 Rc3 24. Bc4 Rxf3 25. Bd5 Bg4 26. Bxb7 Rxb3 27. Nxb3 Bxd1 28. Bd5 Kf8 29. Nc5 Bd4 30. Nb3 Bxb3 31. Bxb3 Ke7 32. Kg2 f5 33. Kf3 Kf6 34. g4 fxg4+ 35. Kxg4 g6 36. h3 h5+ 37. Kf3 g5 38. Bd5 1/2-1/2

[Event "Montreal Mercredi 05"]
[Site "Montreal CAN"]
[Date "2008.05.21"]
[Round "2"]
[White "Giroux, Robert"]
[Black "Forget, Luc"]
[Result "1/2-1/2"]
[WhiteElo "1984"]
[BlackElo "1969"]
[PlyCount "134"]
[GameId "2160767910354827"]
[EventDate "2008.05.14"]
[EventType "tourn"]
[EventRounds "5"]
[EventCountry "CAN"]
[SourceTitle "EXT 2011"]
[Source "ChessBase"]
[SourceDate "2011.11.26"]
[SourceVersion "1"]
[SourceVersionDate "2011.11.26"]
[SourceQuality "1"]

1. e4 e5 2. Nf3 Nc6 3. d4 exd4 4. Bc4 Nf6 5. e5 Ng4 6. Qe2 Qe7 7. Bf4 f6 8. exf6 Qxe2+ 9. Bxe2 Nxf6 10. Nbd2 Bc5 11. a3 d6 12. Nb3 Bb6 13. Rd1 Bg4 14. O-O O-O 15. h3 Bh5 16. g4 Rae8 17. Rfe1 Bg6 18. Nfxd4 Nxd4 19. Nxd4 Re4 20. Be3 Rfe8 21. c3 Bxd4 22. Rxd4 Rxd4 23. Bxd4 Bd3 24. Kf1 Bxe2+ 25. Rxe2 Kf7 26. c4 c5 27. Rxe8 Nxe8 28. Be3 Ke6 29. Ke2 Nf6 30. Kd3 g6 31. f3 h5 32. g5 Ne8 33. Ke4 Ng7 34. Bd2 Nf5 35. Be1 b6 36. Bc3 Ng3+ 37. Ke3 d5 38. cxd5+ Kxd5 39. Kd3 a5 40. a4 Nf5 41. Bf6 Nd6 42. Bd8 Nc4 43. b3 Ne5+ 44. Kc3 Nxf3 45. Bxb6 Nxg5 46. Bxa5 Nxh3 47. Bc7 Nf2 48. a5 Kc6 49. Bd8 Kb5 50. Kd2 Ng4 51. Be7 Ne5 52. a6 Nc6 53. Kc2 Kb4 54. Kd3 Kb5 55. Ke4 Kb6 56. Bf8 g5 57. Kd5 Nb4+ 58. Ke5 Nxa6 59. Kf5 g4 60. Bd6 Kc6 61. Bg3 Kd5 62. Kg5 Ke4 63. Kxh5 Kf3 64. Kh4 Nb4 65. Be5 Ke4 66. Bd6 Nd3 67. Kxg4 Kd5 1/2-1/2

[Event "Montreal Mercredi 05"]
[Site "Montreal CAN"]
[Date "2008.05.21"]
[Round "2"]
[White "Le Duin, Thierry"]
[Black "Levkovsky, Alexandre"]
[Result "1/2-1/2"]
[WhiteElo "1999"]
[BlackElo "2156"]
[PlyCount "80"]
[GameId "2160767910354828"]
[EventDate "2008.05.14"]
[EventType "tourn"]
[EventRounds "5"]
[EventCountry "CAN"]
[SourceTitle "EXT 2011"]
[Source "ChessBase"]
[SourceDate "2011.11.26"]
[SourceVersion "1"]
[SourceVersionDate "2011.11.26"]
[SourceQuality "1"]

1. d4 Nf6 2. Nf3 e6 3. Bg5 d5 4. e3 h6 5. Bh4 c5 6. c3 cxd4 7. exd4 Be7 8. Bd3 O-O 9. Nbd2 b6 10. Ne5 Nfd7 11. Bxe7 Qxe7 12. f4 Nxe5 13. fxe5 f5 14. Qe2 a5 15. O-O Ba6 16. Nf3 Bxd3 17. Qxd3 Nd7 18. g3 Rfc8 19. Rf2 Nf8 20. Rg2 g5 21. h4 g4 22. Ne1 Rab8 23. Qb5 Ng6 24. Nd3 h5 25. Rf2 Rb7 26. Rc1 Rf8 27. Nf4 Nxf4 28. Rxf4 Qd7 29. Qd3 b5 30. Rf2 Kg7 31. Qe3 Qe7 32. Rfc2 Qd8 33. Qf4 Kh7 34. b3 Rff7 35. c4 dxc4 36. bxc4 bxc4 37. Rxc4 Qd5 38. Qg5 Rb2 39. Qxh5+ Kg7 40. Qg5+ Kh7 1/2-1/2

[Event "Montreal Mercredi 05"]
[Site "Montreal CAN"]
[Date "2008.05.21"]
[Round "2"]
[White "Maharisoa, Tantely"]
[Black "Antoine, Vladimir"]
[Result "1/2-1/2"]
[WhiteElo "1688"]
[BlackElo "1636"]
[PlyCount "83"]
[GameId "2160767910354829"]
[EventDate "2008.05.14"]
[EventType "tourn"]
[EventRounds "5"]
[EventCountry "CAN"]
[SourceTitle "EXT 2011"]
[Source "ChessBase"]
[SourceDate "2011.11.26"]
[SourceVersion "1"]
[SourceVersionDate "2011.11.26"]
[SourceQuality "1"]

1. d4 d5 2. c4 c6 3. e3 Nf6 4. Nc3 a6 5. b3 c5 6. Nf3 Nc6 7. Bb2 e6 8. Be2 Bd6 9. O-O O-O 10. dxc5 Bxc5 11. a3 dxc4 12. b4 Bd6 13. Bxc4 Qe7 14. Nd4 Nxd4 15. exd4 b5 16. Bd3 Bb7 17. Qe2 Rad8 18. Ne4 Nxe4 19. Bxe4 Bb8 20. Rad1 Qh4 21. f4 Bd5 22. g3 Qe7 23. Rfe1 Qb7 24. Qg2 Bxe4 25. Qxe4 Qxe4 26. Rxe4 Rd6 27. Kf2 Ba7 28. Re2 Rfd8 29. Red2 f6 30. Kf3 Rd5 31. Ke4 Kf7 32. Rc1 f5+ 33. Ke3 R8d7 34. Rc6 R5d6 35. Rxd6 Rxd6 36. Rc2 Ke7 37. h3 h5 38. Rc7+ Rd7 39. Rc6 Rd6 40. Rc8 Rd8 41. Rc7+ Rd7 42. Rc6 1/2-1/2

[Event "Montreal Mercredi 05"]
[Site "Montreal CAN"]
[Date "2008.05.21"]
[Round "2"]
[White "Messier, Samuel"]
[Black "Dardoura, Khaled"]
[Result "1-0"]
[WhiteElo "1596"]
[BlackElo "1509"]
[PlyCount "105"]
[GameId "2160767910354830"]
[EventDate "2008.05.14"]
[EventType "tourn"]
[EventRounds "5"]
[EventCountry "CAN"]
[SourceTitle "EXT 2011"]
[Source "ChessBase"]
[SourceDate "2011.11.26"]
[SourceVersion "1"]
[SourceVersionDate "2011.11.26"]
[SourceQuality "1"]

1. e4 e6 2. d4 d5 3. Nd2 c5 4. exd5 exd5 5. dxc5 Bxc5 6. Ngf3 Qb6 7. Qe2+ Qe6 8. Nb3 Bb6 9. c3 Nf6 10. Nfd4 Qxe2+ 11. Bxe2 O-O 12. O-O Bd7 13. Rd1 Re8 14. h3 Nc6 15. Bf1 Nxd4 16. Nxd4 Bxd4 17. cxd4 Rac8 18. Bd3 Ne4 19. Bf4 h6 20. Rac1 Bc6 21. Re1 Nf6 22. Rxe8+ Rxe8 23. b4 a6 24. f3 Ra8 25. Kf2 Nh5 26. Bd2 Kf8 27. Rc5 Ke7 28. a4 Nf6 29. b5 axb5 30. axb5 Bd7 31. Rc7 b6 32. Rb7 Ra2 33. Ke3 Rb2 34. Rxb6 Rb3 35. Rb7 Kd8 36. Ba5+ Kc8 37. Rc7+ Kb8 38. b6 Bb5 39. Rc3 Rxc3 40. Bxc3 Bxd3 41. Kxd3 Kb7 42. Bb4 Kxb6 43. Bf8 Nh5 44. Ke3 Ng3 45. Kf4 Ne2+ 46. Ke5 f6+ 47. Kxd5 Nf4+ 48. Kd6 Nxg2 49. Bxg7 Nh4 50. Bxf6 Nxf3 51. d5 Nd2 52. Ke7 Ne4 53. d6 1-0

[Event "Montreal Mercredi 05"]
[Site "Montreal CAN"]
[Date "2008.05.21"]
[Round "2"]
[White "Morin, Louis"]
[Black "Katch, Gary"]
[Result "1-0"]
[WhiteElo "1881"]
[BlackElo "1795"]
[PlyCount "71"]
[GameId "2160767910354831"]
[EventDate "2008.05.14"]
[EventType "tourn"]
[EventRounds "5"]
[EventCountry "CAN"]
[SourceTitle "EXT 2011"]
[Source "ChessBase"]
[SourceDate "2011.11.26"]
[SourceVersion "1"]
[SourceVersionDate "2011.11.26"]
[SourceQuality "1"]

1. e4 d5 2. a3 dxe4 3. Nc3 Nf6 4. Qe2 Nc6 5. Nxe4 e5 6. f4 Nxe4 7. Qxe4 Qd4 8. Bd3 f5 9. Qxd4 exd4 10. Bc4 Bd7 11. Nf3 Bd6 12. d3 h6 13. O-O O-O-O 14. Bd2 Rhe8 15. Rae1 Rxe1 16. Rxe1 Re8 17. Kf1 Kd8 18. b4 a6 19. Rxe8+ Kxe8 20. Bd5 Nd8 21. Nxd4 c5 22. Nf3 b5 23. c3 Bc6 24. Bxc6+ Nxc6 25. Be3 cxb4 26. axb4 Kd7 27. g3 Ke6 28. Ke2 Be7 29. Kd1 Bf6 30. Kc2 Ne7 31. Bd4 Nd5 32. Bxf6 Kxf6 33. Kb3 g5 34. c4 bxc4+ 35. dxc4 Nc7 36. Nd4 1-0

[Event "Montreal Mercredi 05"]
[Site "Montreal CAN"]
[Date "2008.05.21"]
[Round "2"]
[White "Plante, Michel"]
[Black "Gauthier, Denis"]
[Result "0-1"]
[WhiteElo "2058"]
[BlackElo "1938"]
[PlyCount "50"]
[GameId "2160767910354832"]
[EventDate "2008.05.14"]
[EventType "tourn"]
[EventRounds "5"]
[EventCountry "CAN"]
[SourceTitle "EXT 2011"]
[Source "ChessBase"]
[SourceDate "2011.11.26"]
[SourceVersion "1"]
[SourceVersionDate "2011.11.26"]
[SourceQuality "1"]

1. d4 Nf6 2. e3 e6 3. Nd2 b6 4. f4 Bb7 5. Ngf3 c5 6. Bd3 Be7 7. c3 d5 8. Ne5 O-O 9. Qf3 Nbd7 10. g4 Ne4 11. Nxe4 dxe4 12. Bxe4 Nxe5 13. fxe5 Bh4+ 14. Kd1 Bxe4 15. Qxe4 f5 16. gxf5 Rxf5 17. Bd2 Rc8 18. Be1 Bxe1 19. Kxe1 Qg5 20. Rd1 Rcf8 21. Rd2 Qg6 22. Qc2 Qg4 23. Re2 Rf3 24. Kd2 Rxe3 25. Rxe3 Rf2+ 0-1

[Event "Montreal Mercredi 05"]
[Site "Montreal CAN"]
[Date "2008.05.21"]
[Round "2"]
[White "Savard, Alain"]
[Black "Millette, Sylvain"]
[Result "1/2-1/2"]
[WhiteElo "1754"]
[BlackElo "1630"]
[PlyCount "59"]
[GameId "2160767910354833"]
[EventDate "2008.05.14"]
[EventType "tourn"]
[EventRounds "5"]
[EventCountry "CAN"]
[SourceTitle "EXT 2011"]
[Source "ChessBase"]
[SourceDate "2011.11.26"]
[SourceVersion "1"]
[SourceVersionDate "2011.11.26"]
[SourceQuality "1"]

1. e4 c5 2. Nf3 Nf6 3. Nc3 d5 4. exd5 Nxd5 5. Nxd5 Qxd5 6. Be2 Bf5 7. O-O e6 8. Re1 Be7 9. d4 O-O 10. Bd3 Bxd3 11. Qxd3 Nc6 12. c4 Qd6 13. Be3 cxd4 14. Bxd4 Nxd4 15. Qxd4 Qxd4 16. Nxd4 Rac8 17. b3 Bf6 18. Rad1 Rfd8 19. Nf3 Kf8 20. Rc1 b6 21. Kf1 Ke7 22. Red1 Rd6 23. Rxd6 Kxd6 24. Rd1+ Kc6 25. Ke2 a5 26. Rd3 Rc7 27. Nd2 Be7 28. Nf3 Bf6 29. Nd2 Be7 30. Nf3 1/2-1/2

[Event "Montreal Mercredi 05"]
[Site "Montreal CAN"]
[Date "2008.05.21"]
[Round "2"]
[White "Sonko, Babacar"]
[Black "Poschmann, Jeremie"]
[Result "0-1"]
[WhiteElo "1810"]
[BlackElo "1799"]
[PlyCount "59"]
[GameId "2160767910354834"]
[EventDate "2008.05.14"]
[EventType "tourn"]
[EventRounds "5"]
[EventCountry "CAN"]
[SourceTitle "EXT 2011"]
[Source "ChessBase"]
[SourceDate "2011.11.26"]
[SourceVersion "1"]
[SourceVersionDate "2011.11.26"]
[SourceQuality "1"]

1. e4 c5 2. d4 cxd4 3. c3 dxc3 4. Nxc3 Nc6 5. Nf3 d6 6. Bc4 e6 7. O-O Be7 8. Qe2 Nf6 9. Rd1 e5 10. h3 O-O 11. Be3 a6 12. a3 h6 13. Rac1 Be6 14. Nd5 Bxd5 15. exd5 Nb8 16. Nh2 Nbd7 17. Ba2 Re8 18. Ng4 Qa5 19. Bd2 Qb6 20. b4 Rac8 21. Be3 Qd8 22. Rxc8 Qxc8 23. Rc1 Qb8 24. Qd2 Nxg4 25. hxg4 Rc8 26. Rxc8+ Qxc8 27. Bxh6 gxh6 28. Qxh6 Qc2 29. Qe3 Qxa2 30. Qc3 0-1

[Event "Montreal Mercredi 05"]
[Site "Montreal CAN"]
[Date "2008.05.28"]
[Round "3"]
[White "Antoine, Vladimir"]
[Black "Savard, Alain"]
[Result "1-0"]
[WhiteElo "1636"]
[BlackElo "1754"]
[PlyCount "67"]
[GameId "2160767910354835"]
[EventDate "2008.05.14"]
[EventType "tourn"]
[EventRounds "5"]
[EventCountry "CAN"]
[SourceTitle "EXT 2011"]
[Source "ChessBase"]
[SourceDate "2011.11.26"]
[SourceVersion "1"]
[SourceVersionDate "2011.11.26"]
[SourceQuality "1"]

1. e4 c5 2. Nc3 Nc6 3. g3 e5 4. Bg2 g6 5. d3 Bg7 6. f4 exf4 7. Bxf4 d6 8. Qd2 Nd4 9. Nd1 Ne6 10. Be3 Ne7 11. c3 d5 12. Nf2 d4 13. Bh6 Nc6 14. Bxg7 Nxg7 15. Nf3 Be6 16. c4 Qa5 17. Qxa5 Nxa5 18. e5 Rb8 19. b4 Nc6 20. bxc5 b6 21. cxb6 Rxb6 22. O-O Ke7 23. Rfe1 Rb2 24. Ng5 Bd7 25. Bd5 f6 26. exf6+ Kxf6 27. Nfe4+ Ke7 28. Nc5+ Kd6 29. Nf7+ Kxc5 30. Nxh8 Nf5 31. Rab1 Rxa2 32. Nf7 a6 33. Ng5 Ne3 34. Ne4# 1-0

[Event "Montreal Mercredi 05"]
[Site "Montreal CAN"]
[Date "2008.05.28"]
[Round "3"]
[White "Forget, Luc"]
[Black "Plante, Michel"]
[Result "1-0"]
[WhiteElo "1969"]
[BlackElo "2058"]
[PlyCount "79"]
[GameId "2160767910354836"]
[EventDate "2008.05.14"]
[EventType "tourn"]
[EventRounds "5"]
[EventCountry "CAN"]
[SourceTitle "EXT 2011"]
[Source "ChessBase"]
[SourceDate "2011.11.26"]
[SourceVersion "1"]
[SourceVersionDate "2011.11.26"]
[SourceQuality "1"]

1. d4 d5 2. c4 e6 3. Nf3 c6 4. g3 Bd6 5. Bg2 Nd7 6. O-O f5 7. b3 Ngf6 8. Ba3 Bxa3 9. Nxa3 Qe7 10. Qc1 O-O 11. Qb2 b6 12. Rac1 Bb7 13. e3 Rac8 14. Rfd1 a6 15. Nc2 Rc7 16. Nce1 c5 17. Ne5 cxd4 18. Nxd7 Rxd7 19. exd4 f4 20. Nd3 Ne4 21. c5 bxc5 22. dxc5 Rc7 23. b4 fxg3 24. hxg3 Bc6 25. Re1 Bb5 26. Nf4 Rxf4 27. gxf4 Qh4 28. Rxe4 dxe4 29. Qe5 Qe7 30. Rd1 Bd3 31. Bxe4 Bxe4 32. Qxe4 h6 33. Rd6 Kf7 34. f5 exf5 35. Qxf5+ Kg8 36. Rxa6 Ra7 37. Qd5+ Kh8 38. Rxa7 Qxa7 39. c6 Qe7 40. b5 1-0

[Event "Montreal Mercredi 05"]
[Site "Montreal CAN"]
[Date "2008.05.28"]
[Round "3"]
[White "Gauthier, Denis"]
[Black "Le Duin, Thierry"]
[Result "1-0"]
[WhiteElo "1938"]
[BlackElo "1999"]
[PlyCount "87"]
[GameId "2160767910354837"]
[EventDate "2008.05.14"]
[EventType "tourn"]
[EventRounds "5"]
[EventCountry "CAN"]
[SourceTitle "EXT 2011"]
[Source "ChessBase"]
[SourceDate "2011.11.26"]
[SourceVersion "1"]
[SourceVersionDate "2011.11.26"]
[SourceQuality "1"]

1. d4 Nf6 2. c4 c5 3. d5 b5 4. cxb5 a6 5. bxa6 g6 6. g3 Bxa6 7. Bg2 d6 8. b3 Bg7 9. Bb2 O-O 10. Nh3 Nbd7 11. O-O Qb6 12. Bc3 Bb7 13. e4 Ra7 14. Nd2 Rfa8 15. Nc4 Qc7 16. a4 Rb8 17. Qc2 Ba6 18. Rfe1 Ne8 19. Bxg7 Nxg7 20. Rab1 Rb4 21. Nf4 Bxc4 22. bxc4 Rbxa4 23. Bf1 Ne5 24. Be2 Ne8 25. Ng2 Nf6 26. f4 Ned7 27. Bd3 Ng4 28. h3 Ngf6 29. Rb2 Nh5 30. Kh2 Ng7 31. Reb1 f6 32. Ne3 Qa5 33. Rb5 Qc7 34. R1b2 Ra1 35. Rb1 R7a2 36. Rxa1 Rxc2+ 37. Bxc2 Kf7 38. Ra8 g5 39. Ra6 gxf4 40. gxf4 Nh5 41. Ng2 Qc8 42. Ra7 Qg8 43. Rb3 Nf8 44. Bd1 1-0

[Event "Montreal Mercredi 05"]
[Site "Montreal CAN"]
[Date "2008.05.28"]
[Round "3"]
[White "Katch, Gary"]
[Black "Pomerantz, Daniel"]
[Result "0-1"]
[WhiteElo "1795"]
[BlackElo "1871"]
[PlyCount "86"]
[GameId "2160767910354838"]
[EventDate "2008.05.14"]
[EventType "tourn"]
[EventRounds "5"]
[EventCountry "CAN"]
[SourceTitle "EXT 2011"]
[Source "ChessBase"]
[SourceDate "2011.11.26"]
[SourceVersion "1"]
[SourceVersionDate "2011.11.26"]
[SourceQuality "1"]

1. e4 c5 2. c3 Nf6 3. e5 Nd5 4. d4 cxd4 5. Qxd4 e6 6. Bc4 Nc6 7. Qe4 Nb6 8. Bb3 d6 9. Nf3 Qc7 10. Bf4 Nd7 11. exd6 Bxd6 12. Bxd6 Qxd6 13. O-O O-O 14. Nbd2 Nc5 15. Qc2 e5 16. Ne4 Nxe4 17. Qxe4 Qf6 18. Rfe1 Bf5 19. Qe3 Rfe8 20. Ng5 Re7 21. Ne4 Qg6 22. Rad1 Bxe4 23. Qxe4 Qxe4 24. Rxe4 Kf8 25. g4 Rd8 26. Rxd8+ Nxd8 27. Bd5 Ne6 28. Rxe5 Nc5 29. Rxe7 Kxe7 30. b3 f6 31. Kf1 Kd6 32. c4 Ke5 33. Ke2 Kd4 34. Kd2 a5 35. Kc2 b6 36. a3 Nd3 37. f3 g5 38. Be4 Ne5 39. Kd2 h6 40. Bd5 b5 41. b4 axb4 42. axb4 Nxc4+ 43. Bxc4 Kxc4 0-1

[Event "Montreal Mercredi 05"]
[Site "Montreal CAN"]
[Date "2008.05.28"]
[Round "3"]
[White "Lamouche, Andre"]
[Black "Maharisoa, Tantely"]
[Result "0-1"]
[WhiteElo "1791"]
[BlackElo "1688"]
[PlyCount "37"]
[GameId "2160767910354839"]
[EventDate "2008.05.14"]
[EventType "tourn"]
[EventRounds "5"]
[EventCountry "CAN"]
[SourceTitle "EXT 2011"]
[Source "ChessBase"]
[SourceDate "2011.11.26"]
[SourceVersion "1"]
[SourceVersionDate "2011.11.26"]
[SourceQuality "1"]

1. e4 c5 2. Nf3 Nc6 3. d4 cxd4 4. Nxd4 Nf6 5. Nxc6 bxc6 6. Bd3 d5 7. e5 Nd7 8. e6 Nf6 9. exf7+ Kxf7 10. Bg5 e5 11. O-O Bd6 12. Kh1 Rf8 13. Bxf6 Qxf6 14. Qh5+ Ke7 15. Qxh7 e4 16. Be2 Bf5 17. Qh5 Rh8 18. g4 Rxh5 19. gxh5 0-1

[Event "Montreal Mercredi 05"]
[Site "Montreal CAN"]
[Date "2008.05.28"]
[Round "3"]
[White "Lemieux, Serge"]
[Black "Germain, Max"]
[Result "0-1"]
[WhiteElo "1625"]
[BlackElo "1557"]
[PlyCount "92"]
[GameId "2160767910354840"]
[EventDate "2008.05.14"]
[EventType "tourn"]
[EventRounds "5"]
[EventCountry "CAN"]
[SourceTitle "EXT 2011"]
[Source "ChessBase"]
[SourceDate "2011.11.26"]
[SourceVersion "1"]
[SourceVersionDate "2011.11.26"]
[SourceQuality "1"]

1. d4 Nf6 2. c4 e6 3. Bg5 Bb4+ 4. Nc3 c5 5. Nf3 Bxc3+ 6. bxc3 h6 7. Bh4 d6 8. dxc5 dxc5 9. Qxd8+ Kxd8 10. e4 Ke8 11. Bxf6 gxf6 12. e5 f5 13. Nd2 b6 14. f4 Bb7 15. Rg1 Ke7 16. g4 Rg8 17. g5 hxg5 18. fxg5 Nd7 19. O-O-O Nxe5 20. Re1 Ng6 21. Bg2 Bxg2 22. Rxg2 Rh8 23. Rf2 Rh4 24. Kc2 Rah8 25. Rxf5 Rxh2 26. Rf6 R8h5 27. Ref1 Ne5 28. Kd1 Rh1 29. Ne4 Rxf1+ 30. Rxf1 Nxc4 31. Kc1 Ne3 32. Rg1 Nf5 33. Re1 Nd6 34. Nxd6 Kxd6 35. Rg1 Rh7 36. Kb2 Rg7 37. Kb3 f5 38. c4 e5 39. Kc3 e4 40. Kd2 Ke5 41. g6 Kf6 42. Ke3 Rxg6 43. Rxg6+ Kxg6 44. Kf4 Kf6 45. a3 Ke6 46. a4 Kd6 0-1